Az ALD Automotive vevőkapcsolati menedzsmentjének rendszere

Bibliographic Details
Main Author: Mathes Krisztián
Other Authors: Németh Dr. Patrícia
Format: Project work
Kulcsszavak:CRM - Customer Relationship Management
Ügyfélkapcsolat menedzsment
Salesforce
ALD Automotive
B2B szektor
Online Access:http://dolgozattar.uni-bge.hu/22583

MARC

LEADER 00000nnm a2200000 i 4500
001 dolg22583
005 20190906135646.0
008 190520suuuu hu o 000 hun d
040 |a BGE Dolgozattár Repozitórium  |b hun 
041 |a hu 
100 1 |a Mathes Krisztián 
245 1 3 |a Az ALD Automotive vevőkapcsolati menedzsmentjének rendszere  |c Mathes Krisztián  |h [elektronikus dokumentum] 
246 1 1 |a Az ALD Automotive vevőkapcsolati menedzsmentjének rendszere 
246 1 1 |a The CRM System of ALD Automotive 
516 |a Project_work 
695 |a CRM - Customer Relationship Management 
695 |a Ügyfélkapcsolat menedzsment 
695 |a Salesforce 
695 |a ALD Automotive 
695 |a B2B szektor 
700 1 |a Németh Dr. Patrícia  |e ths 
856 4 0 |u http://dolgozattar.uni-bge.hu/22583/1/ALD%20Automotive%20Vev%C5%91kapcsolati%20Menedzsmentj%C3%A9nek%20Rendszere%20_Projektmunka_Mathes_Kriszti%C3%A1n_20190505.pdf  |z Dokumentum-elérés